000 00632nam a2200241Ia 4500
003 OSt
005 20220926022826.0
006 a|||||r|||| 00| 0
007 ta
008 220923b |||||||| |||| 00| 0 eng d
037 _cGeneral Book
040 _aRTL
_cRTL
_beng
041 _2eng
_aeng
082 _aYxM58, L8
100 _aGiddens Anthony
_920429
245 0 _aEmile Durkheim.
260 _aNew York
_bViking Press
_c1978
300 _a132p
_ccm.
490 _aModern Masters
500 _aBibliography: P 126-127
942 _hYxM58, L8
_cGB
_2CC
999 _c640334
_d640334